000 00530nam a2200181Ia 4500
003 OSt
005 20260326143833.0
008 211028s2008 xx 000 0 und d
040 _cAIMIT LIBRARY
041 _aeng
082 _a658.8 LEWS
100 _aLewis, Sweetie;Achar, Sumitha.
_g60471358
_96019
245 _aA study on reasons for attrition and retentions strategies at comat technologies Bangalore /
260 _bAchar, Sumitha
_c2008
600 _aMarketing
_96020
650 _aMarketing
_96021
942 _2ddc
_cPRO
999 _c218098
_d218098